Úplné znění zákona č. 588/1992 Sb., o dani z přidané hodnoty, ve znění účinném od 1. října 2003 s komentářem

Novela zákona s komentárom.

Gespeichert in:
Bibliographische Detailangaben
1. Verfasser: Tomíček, Milan
Format: Buchkapitel
Sprache:Tschechisch
Schlagworte:
Tags: Tag hinzufügen
Keine Tags, Fügen Sie das erste Tag hinzu!

MARC

LEADER 00000naa$a2200000$$$4500
001 0002469
005 20231004071455.8
041 0 |a cze 
044 |a CZ 
245 1 0 |a Úplné znění zákona č. 588/1992 Sb., o dani z přidané hodnoty, ve znění účinném od 1. října 2003 s komentářem  |c Milan Tomíček 
520 |a Novela zákona s komentárom. 
610 2 0 |a Česko 
610 2 0 |a dane z hodnoty pridanej 
610 2 0 |a zákony 
610 2 0 |a novelizácia 
610 2 0 |a 2003 
100 1 |a Tomíček, Milan